Keflavík International Airport Destinations (Reykjavik, Iceland) - Statistics

General Stats
  • This quiz has been taken 260 times
    58 since last reset
  • The average score is 67 of 89
Answer Stats
Airline Destination % Correct
easyJet/Icelandair/TUI Airways London (Gatwick)
98%
British Airways/Icelandair London (Heathrow)
98%
easyJet/Wizz Air London (Luton)
98%
Jet2.com London (Stansted)
98%
Icelandair/Vueling Barcelona
96%
Icelandair Berlin
96%
Icelandair/Scandinavian Airlines Copenhagen
96%
Finnair/Icelandair Helsinki
96%
easyJet/Icelandair/Jet2.com/TUI Airways Manchester
96%
Icelandair/Norwegian Air Shuttle/Scandinavian Airlines Oslo
96%
Icelandair/Wizz Air Rome (Fiumicino)
96%
Icelandair/Play/Scandinavian Airlines Stockholm (Arlanda)
96%
Air Canada/Icelandair Toronto (Pearson)
96%
Icelandair Boston
93%
Icelandair/United Airlines Chicago (O'Hare)
93%
easyJet/Icelandair/Jet2.com Edinburgh
93%
Icelandair/Lufthansa Frankfurt
93%
Icelandair/Jet2.com Glasgow
93%
Iberia Express Madrid
93%
Delta Air Lines/Icelandair New York (JFK)
93%
Icelandair Paris (Charles de Gaulle)
93%
easyJet/Transavia Paris (Orly)
93%
airBaltic Riga
93%
Austrian Airlines Vienna
93%
LOT Polish Airlines/Wizz Air Warsaw (Chopin)
93%
Icelandair/United Airlines Washington (Dulles)
93%
Icelandair/Transavia Amsterdam
91%
Icelandair Hamburg
91%
Icelandair Lisbon
91%
easyJet/Icelandair/Wizz Air Milan (Malpensa)
91%
Air Canada/Air Transat Montréal (Trudeau)
91%
airBaltic Tallinn
91%
Edelweiss Air/Icelandair Zürich
91%
Icelandair Dublin
89%
Discover Airlines/Icelandair Munich
89%
Air Greenland/Icelandair Nuuk
89%
easyJet/Jet2.com Birmingham
87%
Wizz Air Budapest
87%
Jet2.com Liverpool
85%
Icelandair/United Airlines Newark
85%
Icelandair Brussels
83%
Icelandair Geneva
83%
Jet2.com Leeds/Bradford
83%
Icelandair Vancouver
83%
Eurowings Düsseldorf
80%
Alaska Airlines/Icelandair Seattle/Tacoma
80%
Jet2.com Belfast (International)
78%
WestJet Calgary
78%
Jet2.com Newcastle upon Tyne
78%
Icelandair Prague
78%
Icelandair Bergen
76%
Icelandair Miami
76%
Eurowings Stuttgart
76%
Icelandair Venice
76%
Delta Air Lines Detroit
74%
WestJet Edmonton
74%
Icelandair/Neos Málaga
74%
Icelandair Nice
74%
Icelandair/Neos Alicante
72%
easyJet Basel/Mulhouse
72%
easyJet Lyon
72%
Icelandair Istanbul
70%
Delta Air Lines/Icelandair Minneapolis/St. Paul
70%
easyJet/Jet2.com/TUI Airways Bristol
67%
Icelandair Denver
67%
Icelandair Gothenburg
67%
Icelandair Orlando
65%
Wizz Air Gdańsk
61%
WestJet Winnipeg
61%
Icelandair Halifax
59%
Icelandair Baltimore
57%
Icelandair Portland (OR)
57%
Icelandair Faro
54%
Wizz Air Katowice
54%
Icelandair/Neos Tenerife (South)
54%
Icelandair Billund
50%
Wizz Air Wrocław
50%
Icelandair Salzburg
48%
Icelandair/Neos Verona
48%
Icelandair Gran Canaria
46%
Icelandair Innsbruck
46%
Jet2.com East Midlands
43%
Icelandair Pittsburgh
39%
Icelandair Raleigh/Durham
39%
Atlantic Airways/Icelandair Vágar
39%
Icelandair Nashville
37%
Icelandair Kulusuk
9%
Icelandair Ilulissat
4%
Icelandair Qaqortoq
0%
No matching quizzes found
Score Distribution
Percent of People with Each Score
Percentile by Number Answered
Your Score History
You have not taken this quiz since the last reset